Burgos ante la política monetaria del siglo XVII (Record no. 135974)

MARC details
000 -LEADER
campo de control de longitud fija 00877nam a2200181 4500
001 - NÚMERO DE CONTROL
campo de control 135974
003 - IDENTIFICADOR DE NÚMERO DE CONTROL
campo de control ES-MaACL
005 - FECHA Y HORA DE LA ÚLTIMA TRANSACCIÓN
campo de control 20230906195014.0
007 - CAMPO FIJO DE DESCRIPCIÓN FÍSICA--INFORMACIÓN GENERAL
campo de control de longitud fija t|
008 - DATOS DE LONGITUD FIJA--INFORMACIÓN GENERAL
campo de control de longitud fija 070214s1967 sp r ||||1| spa d
100 1# - ENTRADA PRINCIPAL--NOMBRE DE PERSONA
Nombre de persona Ruiz y González de Linares, Ernesto.
9 (RLIN) 100956
245 10 - MENCIÓN DEL TÍTULO
Título Burgos ante la política monetaria del siglo XVII
Resto del título : discurso /
Mención de responsabilidad, etc. leído, con fecha de 25 de noviembre de 1966, en el acto solemne de su recepción como Académico Numerario de la Institución Fernán González, por Don Ernesto Ruiz y González de Linares ; y contestación y bienvenida por el también Académico Numerario, Don Julián Lizondo Gascueña.
260 ## - PUBLICACIÓN, DISTRIBUCIÓN, ETC.
Lugar de publicación, distribución, etc. Burgos :
Nombre del editor, distribuidor, etc. Institución Fernán González,
Fecha de publicación, distribución, etc. 1967.
300 ## - DESCRIPCIÓN FÍSICA
Extensión 76 p. ;
Dimensiones 25 cm.
700 1# - ENTRADA AGREGADA--NOMBRE PERSONAL
Nombre de persona Lizondo Gascueña, Julián.
9 (RLIN) 72631
710 2# - ENTRADA AGREGADA--NOMBRE DE ENTIDAD CORPORATIVA
Nombre de entidad corporativa o nombre de jurisdicción como elemento de entrada Institución Fernán González.
9 (RLIN) 4720
852 ## - LOCALIZACIÓN
Ubicación ES-MaACL
Número de control de estantería C-32356
Sublocalización o colección R.63178
Holdings
Estatus retirado Estado de pérdida Estado de daño No para préstamo Biblioteca de origen Biblioteca actual Ubicación en estantería Fecha de adquisición Fuente de adquisición Total de préstamos Signatura topográfica completa Código de barras Visto por última vez Precio de reemplazo Tipo de ítem Koha
        Biblioteca del Ateneo de Madrid Biblioteca del Ateneo de Madrid Depósito 2 17/01/2008     C-32356 1141517 23/02/2023 23/02/2023 Libro impreso